Fundamentals of Advertising (Record no. 233878)

MARC details
000 -LEADER
fixed length control field 00314pam a2200145 a 4500
020 ## - INTERNATIONAL STANDARD BOOK NUMBER
Terms of availability
041 ## - LANGUAGE CODE
Language code of original
082 ## - DEWEY DECIMAL CLASSIFICATION NUMBER
Item number 89
100 ## - MAIN ENTRY--PERSONAL NAME
Personal name John Wilimshurat, Adrian Mackay.
245 ## - TITLE STATEMENT
Title Fundamentals of Advertising
Medium Textual Documents
250 ## - EDITION STATEMENT
Edition statement 1999.
260 ## - PUBLICATION, DISTRIBUTION, ETC.
Place of publication, distribution, etc. Pune:
Name of publisher, distributor, etc. ISBA.
300 ## - PHYSICAL DESCRIPTION
Extent 384.
930 ## - EQUIVALENCE OR CROSS-REFERENCE-UNIFORM TITLE HEADING [LOCAL, CANADA]
Uniform title 88
Holdings
Withdrawn status Lost status Damaged status Not for loan Home library Current library Date acquired Source of acquisition Cost, normal purchase price Total Checkouts Full call number Barcode Date last seen Copy number Price effective from Koha item type
        College of Fine Arts, Pune College of Fine Arts, Pune 15/11/2013 Chandrakant Book Distrubutors 395.00   89 FAP-89 07/03/2023 1 07/03/2023 Book